Sports Quiz

Random Sports or Soccer Quiz

Last Five: World Soccer Winners Quiz Stats

 Plays Quiz Updated Jul 16, 2018

Challenge
Share
Tweet
Embed
Score 0/36 Timer 03:00
13 Plays Today
% Correct
Yet to be established!
100%
Germany (2014)
95.9%
Spain (2010)
94.7%
Spain (2012)
94.7%
Spain (2008)
94.7%
Brazil (2002)
94.4%
Brazil (2007)
94.4%
Brazil (2004)
94.4%
France (2018)
92.6%
France (2000)
92.6%
Italy (2006)
91.9%
Chile (2015)
84.7%
Chile (2016)
84.6%
Portugal (2016)
83%
Japan (2011)
80.9%
Japan (2004)
80.9%
Japan (2000)
80.9%
Australia (2015)
74.2%
% Correct
Australia (2004)
74.2%
Ivory Coast (2015)
73.6%
Greece (2004)
70.9%
Mexico (2015)
70.9%
Mexico (2011)
70.9%
Mexico (2009)
70.9%
United States (2013)
70.8%
United States (2017)
70.8%
Egypt (2010)
66.6%
Nigeria (2013)
66.3%
Uruguay (2011)
63.5%
New Zealand (2008)
62%
New Zealand (2002)
62%
New Zealand (2016)
61.8%
Cameroon (2017)
61.6%
Iraq (2007)
30.5%
Zambia (2012)
23.2%
Tahiti (2012)
19.4%

You're not logged in!

Compare scores with friends on all Sporcle quizzes.
Join for Free
OR
Log In

You Might Also Like...

Show Comments

Extras

Top Quizzes Today


Score Distribution

Your Account Isn't Verified!

In order to create a playlist on Sporcle, you need to verify the email address you used during registration. Go to your Sporcle Settings to finish the process.

Report this User

Report this user for behavior that violates our Community Guidelines.

Details: